Practical Guide To Deeds And Documents (Record no. 702682)

MARC details
000 -LEADER
fixed length control field 00308nam a2200121Ia 4500
008 - FIXED-LENGTH DATA ELEMENTS--GENERAL INFORMATION
fixed length control field 230627s9999 xx 000 0 und d
041 ## - LANGUAGE CODE
Language code of text/sound track or separate title eng
082 ## - DEWEY DECIMAL CLASSIFICATION NUMBER
Classification number 346.0438
Item number DIV
100 ## - MAIN ENTRY--PERSONAL NAME
Personal name Divekar G. M
245 ## - TITLE STATEMENT
Title Practical Guide To Deeds And Documents
250 ## - EDITION STATEMENT
Edition statement 7ed.
260 ## - PUBLICATION, DISTRIBUTION, ETC.
Place of publication, distribution, etc. Pune
Name of publisher, distributor, etc. Hind Law House
Date of publication, distribution, etc. 2003
Holdings
Withdrawn status Lost status Damaged status Not for loan Collection Home library Current library Shelving location Date acquired Cost, normal purchase price Total Checkouts Full call number Barcode Date last seen Price effective from Koha item type
        NLP Social Welfare New Law College, Pune New Law College, Pune NLP-Rack No-134 30/03/2000 1150.00   346.0438 DIV NLP-NS0125 17/07/2023 17/07/2023 Reference Books